000
00333nam a22001457a 4500
003
SGT
020
_a
9788119613960
082
_a
615.5
_b
CHO
100
_a
CHOUHAN DEEPESH
245
_a
TEXTBOOK OF PHARMACOTHERAPEUTICS
260
_a
INDIA
_b
IP PUB
_c
2025
300
_a
108
650
_a
PHARMACOTHERAPEUTICS
942
_2
ddc
_c
BK
999
_c
34232
_d
34232